| 000 | 01356cam a22002653a 4500 | ||
|---|---|---|---|
| 001 | 16729 | ||
| 003 | PGUSA | ||
| 005 | 20140828083345.0 | ||
| 008 | 050921s2005||||xxu|||||s|||||000 | eng d | ||
| 040 |
_aPGUSA _beng |
||
| 042 | _adc | ||
| 050 | 4 | _aQ | |
| 100 | 1 |
_aHuxley, Thomas Henry, _d1825-1895 |
|
| 245 | 1 | 0 |
_aLay Sermons, Addresses and Reviews _h[electronic resource] / _cThomas Henry Huxley |
| 260 |
_bProject Gutenberg, _c2005 |
||
| 505 | 0 | _aOn the advisableness of improving natural knowledge -- Emancipation, black and white -- A liberal education: and where to find it -- Scientific education: notes of an after-dinner speech -- On the educational value of the natural history sciences -- On the study of zoology -- On the physical basis of life -- The scientific aspects of positivism -- On a piece of chalk -- Geological contemporaneity and persistent types of life -- Geological reform -- The origin of species -- Criticisms on "The origin of species" -- On Descartes' "Discourse touching the method of using one's reason rightly and of seeking scientific truth". | |
| 506 | _aPublic domain in the USA. | ||
| 516 | _aElectronic text | ||
| 653 | _aScience | ||
| 653 | _aScience -- Philosophy | ||
| 653 | _aEvolution (Biology) | ||
| 830 | 0 |
_aProject Gutenberg _v16729 |
|
| 856 | 4 | 0 | _uhttp://www.gutenberg.org/ebooks/16729 |
| 942 | _cEB | ||
| 999 |
_c245984 _d245984 |
||